ბათუმის შოთა რუსთაველის სახელმწიფო უნივერსიტეტის ბიბლიოთეკა

ტურიზმის ეკონომიკა და პოლიტიკა = Tourism economics and policy / (ბიბ.ჩანაწერი № 41562)

000 -ლიდერი
ფიქსირებული სიგრძის საკონტროლო ველი 02026nam a2200337Ia 4500
001 - საკონტროლო ნომერი
საკონტროლო ველი 8230
003 - საკონტროლო ნომრის იდენტიფიკატორი
საკონტროლო ველი GE_BSU
005 - ბოლო ოპერაციის თარიღი და დრო
საკონტროლო ველი 20240411175311.0
008 - ფიქსირებული სიგრძის მონაცემთა ელემენტები - ზოგადი ინფორმაცია
ფიქსირებული სიგრძის საკონტროლო ველი 181216s2011||||ge |||||||||||||| ||geo||
020 ## - წიგნის საერთაშორისო სტანდარტული ნომერი
International Standard Book Number 9789941032806
040 ## - კატალოგიზაციის წყარო
Transcribing agency GE_BSU
041 ## - ენის კოდი
Language code of text/sound track or separate title geo
100 ## - მთავარი ჩანაწერი - პიროვნების სახელი
Personal name მეტრეველი, მარინა
9 (RLIN) 21775
245 ## - ცნობა სათაურის შესახებ
Title ტურიზმის ეკონომიკა და პოლიტიკა = Tourism economics and policy /
Statement of responsibility, etc მარინა მეტრეველი ; [სარედ. კოლ.: მიხეილ ჯიბუტი და სხვ.] ; თარგმ. ეკატერინე კიკვაძე (რუს., ინგლ.) ; ფოტოები ავთანდილ მეტრეველი]
250 ## - გამოცემის ცნობა
Edition statement (I-ლი გამოც.)
264 ## - წარმოების, გამოცემის, დისტრიბუციის და სხვა ცნობები
გამოცემის, წარმოების, დისტრიბუციის... ადგილი თბილისი :
გამოცემის, წარმოების, დისტრიბუციის... სახელწოდება ფავორიტი,
გამოცემის, წარმოების, დისტრიბუციის... თარიღი 2011.
300 ## - ფიზიკური აღწერა
Extent 510 გვ. :
Other physical details სურ.,
Dimensions 21 სმ.
Accompanying material ცხრილები.
500 ## - ზოგადი შენიშვნა
General note დანართები : გვ. 349-509
504 ## - BIBLIOGRAPHY, ETC. NOTE
Bibliography, etc ბიბლიოგრაფია თავების ბოლოს
653 ## - INDEX TERM--UNCONTROLLED
Uncontrolled term Tourism economics and Policy
653 ## - INDEX TERM--UNCONTROLLED
Uncontrolled term ტურიზმის ეკონომიკა და პოლიტიკა
653 ## - INDEX TERM--UNCONTROLLED
Uncontrolled term ტურიზმის ეკონომიკა
653 ## - INDEX TERM--UNCONTROLLED
Uncontrolled term სახელმძღვანელოები უმაღლესი სასწავლებლებისათვის
700 ## - ADDED ENTRY--PERSONAL NAME
Personal name ჯიბუტი, მიხეილ
Relator term რედაქტორი
9 (RLIN) 21776
700 ## - ADDED ENTRY--PERSONAL NAME
Personal name ონოფრიშვილი, დავით
Relator term რედაქტორი
9 (RLIN) 835
700 ## - ADDED ENTRY--PERSONAL NAME
Personal name წერეთელი, მარი
Relator term რედაქტორი
9 (RLIN) 21777
700 ## - ADDED ENTRY--PERSONAL NAME
Personal name კაკულია, ნაზირა
Relator term რედაქტორი
9 (RLIN) 21778
700 ## - ADDED ENTRY--PERSONAL NAME
Personal name კიკვაძე, ეკატერინე
Relator term მთარგმნელი
9 (RLIN) 12973
942 ## - ADDED ENTRY ELEMENTS (KOHA)
Koha item type წიგნი
Source of classification or shelving scheme
ეგზემპლარები
ჩამოწერის სტატუსი დაკარგული ეგზემპლარის სტატუსი კლასიფიკაციის წყარო ან თაროზე გაწყობის სქემა დაზიანების სტატუსი არ გაიცემა მუდმივი მდებარეობა (დაცვის ადგილი) ამჟამინდელი ადგილსამყოფელი თაროზე განთავსების ადგილი შეძენის თარიღი ღირებულება, შესყიდვის ნორმალური ფასი შტრიხკოდი ბოლო ოპერაციის თარიღი ეგზემპლარის მიმდევრობითი ნომერი (კეტერი?) ფასის ძალაში შესვლის თარიღი ეგზემპლარის სახეობა საჯარო შენიშვნა
          ბათუმის შოთა რუსთაველის სახელმწიფო უნივერსიტეტის მთავარი ბიბლიოთეკა ბათუმის შოთა რუსთაველის სახელმწიფო უნივერსიტეტის მთავარი ბიბლიოთეკა წიგნსაცავი 2018-12-17 40.00 26565 2018-12-17 26565 2018-12-17 წიგნი 40.00 ₾.
          ბათუმის შოთა რუსთაველის სახელმწიფო უნივერსიტეტის მთავარი ბიბლიოთეკა ბათუმის შოთა რუსთაველის სახელმწიფო უნივერსიტეტის მთავარი ბიბლიოთეკა წიგნსაცავი 2018-12-17 40.00 26566 2018-12-17 26566 2018-12-17 წიგნი 40.00 ₾.
          ბათუმის შოთა რუსთაველის სახელმწიფო უნივერსიტეტის მთავარი ბიბლიოთეკა ბათუმის შოთა რუსთაველის სახელმწიფო უნივერსიტეტის მთავარი ბიბლიოთეკა წიგნსაცავი 2018-12-17 40.00 26567 2018-12-17 26567 2018-12-17 წიგნი 40.00 ₾.
          ბათუმის შოთა რუსთაველის სახელმწიფო უნივერსიტეტის მთავარი ბიბლიოთეკა ბათუმის შოთა რუსთაველის სახელმწიფო უნივერსიტეტის მთავარი ბიბლიოთეკა წიგნსაცავი 2018-12-17 40.00 26568 2018-12-17 26568 2018-12-17 წიგნი 40.00 ₾.
          ბათუმის შოთა რუსთაველის სახელმწიფო უნივერსიტეტის მთავარი ბიბლიოთეკა ბათუმის შოთა რუსთაველის სახელმწიფო უნივერსიტეტის მთავარი ბიბლიოთეკა წიგნსაცავი 2018-12-17 40.00 26569 2018-12-17 26569 2018-12-17 წიგნი 40.00 ₾.